[Event "DESC PT2002 email"]
[Site "DESC email"]
[Date "2002.09.??"]
[Round "2"]
[White "Vogt, Detlef"]
[Black "Ebertz, Michael"]
[Result "0-1"]
[WhiteElo "1837"]
[BlackElo "2118"]
[PlyCount "26"]
[EventDate "2002.??.??"]
[EventType "swiss (corr)"]
[EventRounds "10"]
[EventCountry "GER"]
[SourceTitle "Corr 2004"]
[Source "ChessBase"]
[SourceDate "2003.04.28"]
[SourceVersion "3"]
[SourceVersionDate "2003.04.28"]
[SourceQuality "1"]

1. Nf3 c5 2. g3 Nc6 3. c4 g6 4. Bg2 Bg7 5. 0-0 e5 6. Nc3 Nge7 7. d3 d6 8. a3 0-0 9. h3 Rb8 10. Rb1 Nd4 11. Nd2 f5 12. e3 Ne6 13. b4 b6 0-1

[Event "DESC P2002 email"]
[Site "DESC email"]
[Date "2002.08.05"]
[Round "1"]
[White "Lutz, Reinhard"]
[Black "Vogt, Detlef"]
[Result "0-1"]
[WhiteElo "1699"]
[BlackElo "1840"]
[PlyCount "52"]
[EventDate "2002.??.??"]
[EventType "swiss (corr)"]
[EventRounds "10"]
[EventCountry "GER"]
[SourceTitle "Corr 2004"]
[Source "ChessBase"]
[SourceDate "2003.04.28"]
[SourceVersion "3"]
[SourceVersionDate "2003.04.28"]
[SourceQuality "1"]

1. e4 d5 2. exd5 Qxd5 3. Nc3 Qa5 4. d4 c6 5. Nf3 Nf6 6. Bc4 Bg4 7. Bd2 Qc7 8. h3 Bh5 9. g4 Bg6 10. Bb3 Nbd7 11. Qe2 0-0-0 12. g5 Ne8 13. Nh4 e6 14. Nxg6 hxg6 15. 0-0-0 Nd6 16. Bf4 Qa5 17. Kb1 Qf5 18. Qe3 Nb6 19. Qe5 Rh5 20. Be3 Be7 21. Qg3 Bxg5 22. Bxg5 Rh4 23. f3 a5 24. a3 a4 25. Ba2 Ndc4 26. Bxc4 Nxc4 0-1

[Event "DESC P2002 email"]
[Site "DESC email"]
[Date "2002.08.05"]
[Round "1"]
[White "Vogt, Detlef"]
[Black "Schmitten, Andre"]
[Result "1/2-1/2"]
[WhiteElo "1612"]
[BlackElo "1912"]
[PlyCount "59"]
[EventDate "2002.??.??"]
[EventType "swiss (corr)"]
[EventRounds "10"]
[EventCountry "GER"]
[SourceTitle "Corr 2004"]
[Source "ChessBase"]
[SourceDate "2003.04.28"]
[SourceVersion "3"]
[SourceVersionDate "2003.04.28"]
[SourceQuality "1"]

1. d4 d5 2. c4 e6 3. Nc3 c5 4. cxd5 cxd4 5. Qxd4 Nc6 6. Qd1 exd5 7. Qxd5 Be6 8. Qxd8+ Rxd8 9. Bg5 f6 10. Bd2 Nb4 11. Rc1 Nxa2 12. Nxa2 Bxa2 13. e4 a6 14. Be2 Bd6 15. Ba5 Rd7 16. Rc8+ Kf7 17. Nf3 Re7 18. Bd3 Be6 19. Rc2 Re8 20. 0-0 Ne7 21. Nd4 Rc8 22. Nxe6 Rxc2 23. Bxc2 Kxe6 24. f4 Bc5+ 25. Kh1 Nc6 26. Bb3+ Ke7 27. Bd2 Rd8 28. Bd5 b6 29. Rc1 Nb4 30. Bxb4 1/2-1/2

[Event "DESC P2002 email"]
[Site "DESC email"]
[Date "2002.05.18"]
[Round "?"]
[White "Vogt, Detlef"]
[Black "Goertz, Hans Georg"]
[Result "1-0"]
[WhiteElo "1635"]
[BlackElo "1577"]
[PlyCount "42"]
[EventDate "2002.??.??"]
[EventType "swiss (corr)"]
[EventRounds "10"]
[EventCountry "GER"]
[SourceTitle "Corr 2004"]
[Source "ChessBase"]
[SourceDate "2003.04.28"]
[SourceVersion "3"]
[SourceVersionDate "2003.04.28"]
[SourceQuality "1"]

1. e4 e5 2. Nf3 Nc6 3. Bc4 Nf6 4. Ng5 Qe7 5. Bxf7+ Kd8 6. Bb3 h6 7. Nf7+ Ke8 8. Nxh8 Nd4 9. Bf7+ Kd8 10. Bg6 Ng4 11. Nf7+ Ke8 12. Nxe5+ Kd8 13. Nf7+ Ke8 14. Nxh6+ Kd8 15. Nxg4 Qe6 16. Bh7 g6 17. d3 b6 18. c3 Nc6 19. Qb3 Bb7 20. Qxe6 dxe6 21. Bxg6 Ne7 1-0